Bất ngờ lý thú trong vật lý

Kaydedildi:
Detaylı Bibliyografya
Yazar: Mạnh Hùng (Sưu tầm và biên soạn)
Diğer Yazarlar: Việt Thanh
Materyal Türü: Kitap
Baskı/Yayın Bilgisi: Đà Nẵng Đà Nẵng 1985
Seri Bilgileri:Sách khoa học
Konular:
Etiketler: Etiketle
Etiket eklenmemiş, İlk siz ekleyin!
Thư viện lưu trữ: Trung tâm Học liệu Lê Vũ Hùng, Trường Đại học Đồng Tháp
LEADER 00723pam a22002178a 4500
001 00017126
008 110418s1985 ||||||Viesd
005 20171026081022.0
041 0 # |a Vie 
082 1 4 |a 530  |b B124NG 
100 0 # |a Mạnh Hùng  |e Sưu tầm và biên soạn 
245 0 0 |a Bất ngờ lý thú trong vật lý  |c Mạnh Hùng, Việt Thanh 
260 # # |a Đà Nẵng  |b Đà Nẵng  |c 1985 
300 # # |a 109 tr.  |b Hình vẽ  |c 19 cm. 
490 # # |a Sách khoa học 
653 # # |a Vật lý 
700 0 # |a Việt Thanh 
852 # # |b Kho đọc  |j KD.0002486 
852 # # |j KD.0002486 
910 |d 18/04/2011 
980 # # |a Trung tâm Học liệu Lê Vũ Hùng, Trường Đại học Đồng Tháp